Statistics for Name that Pretty Cure!

Click here to take the quiz!

General Stats

  • This quiz has been taken 4,739 times
  • The average score is 24 of 39

Answer Stats

HintAnswer% Correct
Futari wa Pretty CureCure Black
95%
Futari wa Pretty CureCure White
94%
Yes! Pretty Cure 5Cure Dream
81%
Futari wa Pretty Cure Splash StarCure Bloom
77%
Yes! Pretty Cure 5Cure Aqua
76%
Yes! Pretty Cure 5Cure Lemonade
76%
Yes! Pretty Cure 5Cure Mint
76%
Futari wa Pretty Cure Splash StarCure Egret
75%
Heartcatch Pretty Cure!Cure Blossom
74%
Fresh Pretty Cure!Cure Peach
74%
Yes! Pretty Cure 5Cure Rouge
73%
Heartcatch Pretty Cure!Cure Marine
71%
Futari wa Pretty Cure (Max Heart)Shiny Luminous
71%
Fresh Pretty Cure!Cure Pine
70%
Fresh Pretty Cure!Cure Berry
69%
Heartcatch Pretty Cure!Cure Moonlight
68%
Fresh Pretty Cure!Cure Passion
68%
Heartcatch Pretty Cure!Cure Sunshine
68%
Yes! Pretty Cure 5 Go Go!Milky Rose
67%
Smile Pretty Cure!Cure Happy
65%
Futari wa Pretty Cure Splash StarCure Windy
62%
Suite Pretty CureCure Melody
61%
Smile Pretty Cure!Cure Sunny
58%
Suite Pretty CureCure Beat
57%
Futari wa Pretty Cure Splash StarCure Bright
55%
Smile Pretty Cure!Cure Peace
55%
Doki Doki Pretty CureCure Heart
54%
Smile Pretty Cure!Cure March
54%
Smile Pretty Cure!Cure Beauty
53%
Suite Pretty CureCure Muse
51%
Doki Doki Pretty CureCure Diamond
46%
Suite Pretty CureCure Rhythm
44%
Doki Doki Pretty CureCure Ace
42%
Doki Doki Pretty CureCure Sword
42%
Doki Doki Pretty CureCure Rosetta
39%
Heartcatch Pretty Cure!Cure Flower
38%
Pretty Cure All StarsCure Echo
34%
Heartcatch Pretty Cure!Cure Ange
19%
Doki Doki Pretty CureCure Empress
13%

Score Distribution

Percentile by Number Answered

Percent of People with Each Score

Your Score History

You have not taken this quiz